Every City in American Truck Simulator on Map - Statistics

General Stats
  • This quiz has been taken 323 times
    146 since last reset
  • The average score is 81 of 221
Answers on the Map
Answers color-coded by a green-red scale on the quiz's map according to % correct below.
 
Answer Stats
State City % Correct
California Los Angeles
89%
Nevada Las Vegas
88%
California San Francisco
85%
Washington Seattle
85%
Arizona Phoenix
83%
Utah Salt Lake City
83%
Idaho Boise
82%
California San Diego
82%
Texas Dallas
81%
Texas Houston
81%
Oklahoma Oklahoma City
81%
California Sacramento
80%
Oregon Portland
79%
Texas Austin
77%
Colorado Denver
77%
Texas El Paso
77%
Nevada Reno
77%
Nevada Carson City
76%
Arkansas Little Rock
75%
Arizona Tucson
75%
Texas San Antonio
74%
New Mexico Albuquerque
73%
California San Jose
73%
New Mexico Santa Fe
73%
Wyoming Cheyenne
71%
Texas Fort Worth
71%
California Fresno
70%
Oklahoma Tulsa
70%
Colorado Colorado Springs
69%
California Oakland
69%
California Bakersfield
68%
Washington Olympia
68%
Kansas Wichita
67%
Arizona Flagstaff
65%
Washington Spokane
65%
Kansas Topeka
65%
Montana Helena
64%
Texas Amarillo
63%
Montana Billings
63%
Texas Corpus Christi
63%
Oregon Salem
61%
Washington Tacoma
61%
Washington Vancouver
61%
California Eureka
60%
Texas Brownsville
58%
Texas Laredo
58%
Utah Provo
58%
Arkansas / Texas Texarkana
58%
Arizona Yuma
57%
Idaho Idaho Falls
56%
California Redding
56%
Utah Ogden
55%
California Stockton
55%
Texas Lubbock
54%
Oregon Bend
52%
Oregon Eugene
52%
Texas Galveston
51%
Texas McAllen
51%
New Mexico Las Cruces
50%
New Mexico Roswell
50%
Utah St. George
49%
Texas Waco
49%
Wyoming Casper
48%
Idaho Coeur d'Alene
48%
Washington Bellingham
46%
Montana Missoula
45%
California Oxnard
45%
Nevada Elko
44%
California Modesto
44%
Texas Beaumont
43%
California | New Mexico Carlsbad
43%
Arkansas Fayetteville
43%
Colorado Grand Junction
43%
Idaho Twin Falls
43%
Texas Wichita Falls
43%
Texas Odessa
42%
Oregon Astoria
40%
Washington Everett
40%
Colorado Fort Collins
40%
Colorado Pueblo
40%
California Santa Maria
40%
Washington Yakima
40%
Montana Butte
39%
California Santa Cruz
39%
Wyoming Jackson
38%
Wyoming Laramie
38%
Utah Logan
38%
Oregon Medford
38%
Idaho Nampa
38%
Nevada Winnemucca
38%
California Barstow
37%
Montana Bozeman
37%
Arkansas Jonesboro
36%
Washington Kennewick
36%
Idaho Pocatello
36%
Washington Port Angeles
36%
Texas Abilene
35%
New Mexico Farmington
35%
Utah Moab
35%
Arizona Nogales
35%
Kansas Dodge City
33%
Arizona Kingman
33%
Texas Tyler
33%
Arkansas Fort Smith
32%
Oregon Ontario
32%
Oregon The Dalles
32%
California El Centro
31%
Nevada Ely
31%
Wyoming Gillette
31%
Oregon Klamath Falls
31%
California Truckee
31%
Wyoming Cody
30%
Montana Great Falls
30%
Oregon Coos Bay
29%
Oklahoma Lawton
29%
Texas | Washington Longview
29%
Arkansas Pine Bluff
29%
New Mexico Alamogordo
27%
Utah Cedar City
27%
Oklahoma Enid
27%
California Indio
27%
Idaho Lewiston
27%
Washington Aberdeen
26%
New Mexico Gallup
26%
Texas San Angelo
26%
Colorado Steamboat Springs
26%
Washington Wenatchee
26%
Colorado Durango
25%
Kansas Garden City
25%
Arizona Grand Canyon Village
25%
Arkansas Hot Springs
25%
Montana Kalispell
25%
Wyoming Sheridan
25%
Texas Victoria
25%
Texas Del Rio
24%
New Mexico Hobbs
24%
Arkansas Springdale
24%
New Mexico Clovis
23%
Nevada Jackpot
23%
Wyoming Rock Springs
23%
Idaho Sandpoint
23%
Arizona Show Low
23%
Arizona Sierra Vista
23%
Oklahoma Guymon
21%
Kansas Hays
21%
Montana Miles City
21%
Oregon Newport
21%
Nevada Primm
21%
California San Rafael
21%
Nevada Tonopah
21%
Wyoming Evanston
20%
Montana Havre
20%
California Hilt
20%
Texas Junction
20%
Arizona Page
20%
Montana Glasgow
19%
Kansas Hutchinson
19%
Washington Omak
19%
Oregon Pendleton
19%
Idaho Salmon
19%
New Mexico Tucumcari
19%
California Ukiah
19%
California Blythe
18%
Oregon Burns
18%
Colorado Montrose
18%
Utah Vernal
18%
Colorado Alamosa
17%
Oklahoma Ardmore
17%
Arkansas El Dorado
17%
Kansas Emporia
17%
Texas Fort Stockton
17%
Montana Glendive
17%
Kansas Pittsburg
17%
Wyoming Riverton
17%
Texas Dalhart
15%
Wyoming Rawlins
15%
Montana Sidney
15%
Washington Colville
14%
Arizona Ehrenberg
14%
Arkansas Harrison
14%
Arizona Holbrook
14%
Texas Lufkin
14%
California Mojave
14%
Colorado Sterling
14%
Idaho Grangeville
13%
Arizona Kayenta
13%
Colorado Lamar
13%
Utah Price
13%
New Mexico Socorro
13%
Texas Van Horn
13%
Colorado Burlington
12%
Arizona Camp Verde
12%
Washington Grand Coulee
12%
Idaho Ketchum
12%
Oregon Lakeview
12%
Kansas Marysville
12%
Nevada Pioche
12%
New Mexico Raton
12%
New Mexico Artesia
11%
Kansas Colby
11%
Kansas Junction City
11%
Kansas Kansas City, Kansas
11%
Oklahoma McAlester
11%
Arizona San Simon
11%
Arizona Clifton
10%
Oklahoma Clinton
10%
Oklahoma Idabel
10%
Montana Lewistown
10%
California Oakdale
10%
Montana Thompson Falls
10%
Texas Huntsville
8%
California Huron
8%
Oklahoma Woodward
8%
California Hornbrook
7%
Kansas Phillipsburg
7%
Kansas Salina, Kansas
7%
Montana Laurel
6%
Colorado Rangely
6%
Utah Salina, Utah
6%
No matching quizzes found
Score Distribution
Percent of People with Each Score
Percentile by Number Answered
Your Score History
You have not taken this quiz since the last reset